Taller de carne

Bibliographic Details
Format: Section = Libro
Language:Undetermined
Spanish
Published: México Trillas 1981
Subjects:
LEADER 00572nam a2200217Ia 4500
008 240830s9999 xx 000 0 und d
020 |a 968-24-1109-2 
040 |a CEDOC FIQ-RUSB / 664.9 T829. 
041 |a spa 
082 |a 664.9 T829. 
245 1 0 |a Taller de carne 
260 |a México  |b Trillas  |c 1981 
300 |a 78 p. :il 
650 7 |a CARNES - TECNOLOGIA - MANUALES 
650 7 |b  TALLERES - EQUIPOS Y APARATOS 
650 7 |c  MATADEROS 
650 7 |d  CARNES - CONTROL SANITARIO 
650 7 |e  INDUSTRIA DE LA CARNE 
942 |c BK  |2 ddc 
991 |a TEXTO 
999 |c 13212